000 00420nam a2200169Ia 4500
008 230524s9999 xx 000 0 und d
020 _a9789380091435
082 _bSIN
100 _aA.K.Singh
_942082
245 2 _aA Text Books Manufacturing Processes
250 _a1
260 _aNew Delhi
_bVayu Education
_c2010
300 _a"XXII,833p;"
500 _aQuantity Number: 1
650 _aMechanics
942 _cBK
999 _c56492
_d56492